MARC

LEADER 00000nam0a2200000 4500
001 298882
005 20231102001140.0
020 |a RU  |b 82-91784 
035 |a (RuTPU)RU\TPU\book\324033 
090 |a 298882 
100 |a 20150623d1982 km y0rusy5003 ca 
101 0 |a rus 
102 |a UA 
105 |a a z 001zy 
200 1 |a Прецизионные источники периодического сигнала  |f А. И. Рудой, С. Г. Таранов  |g Академия наук Украинской ССР (АН УССР), Институт электродинамики (ИЭД) 
210 |a Киев  |c Наукова думка  |d 1982 
215 |a 183 с.  |c ил. 
320 |a Библиогр.: с. 178-182 
606 1 |a Стабилизаторы напряжения тока  |2 stltpush  |3 (RuTPU)RU\TPU\subj\56134  |9 74048 
610 1 |a периодические сигналы 
610 1 |a прецизионные источники 
610 1 |a опорные сигналы 
610 1 |a статика 
610 1 |a блоки 
610 1 |a применение 
610 1 |a принципы 
610 1 |a построение 
675 |a 621.316.722.1  |z rus  |v 3 
700 1 |a Рудой  |b А. И.  |g Анатолий Иванович  |4 070 
701 1 |a Таранов  |b С. Г.  |g Сергей Глебович  |4 070 
712 0 2 |a Академия наук Украинской ССР (АН УССР)  |b Институт электродинамики (ИЭД)  |c (Киев)  |c (1963-1991)  |2 stltpush  |3 (RuTPU)RU\TPU\col\12436 
801 0 |a RU  |b RuMRKP  |c 19950704  |g psbo 
801 1 |a RU  |b 63413507  |c 20150623 
801 2 |a RU  |b 63413507  |c 20190614  |g RCR 
942 |c BK